000 00300nam a2200133 i 4500
001 bg
100 1 _aKONCZ, T.
245 0 _aHandbuch der Fertigteil-Baumweise /
_cT. Koncz.
260 _aBerlin,
_c1970.
040 _cBPK
041 _apol
942 _cKS
008 s pl f |000 0 pol
999 _c8628
_d8628
856 _uhttp://koha.tu.koszalin.pl/cgi-bin/koha/opac-detail.pl?biblionumber=8628
_yKatalog online BPK